000 00270nam a2200121 a 4500
001 4140
005 20140414132041.0
008 090218s19uu xx 00 eng d
050 _aBB
_bP94 2006
100 _aJay, Cee
245 _aThe Proud lilac lily.
999 _c113860
_d113860